[Event "63rd ch-RUS HL w"]
[Site "Yekaterinburg RUS"]
[Date "2013.06.26"]
[Round "6.11"]
[White "Bivol,A"]
[Black "Mirzoeva,E"]
[Result "1-0"]
[WhiteElo "2207"]
[BlackElo "2244"]

1.Nf3 d5 2.g3 Nf6 3.Bg2 c6 4.O-O Bf5 5.d3 e6 6.Nfd2 Be7 7.e4 Bg6 8.Nc3 dxe4
9.dxe4 e5 10.Kh1 Nbd7 11.f4 h6 12.Nc4 O-O 13.fxe5 Ne8 14.Bf4 Nc5 15.Nd6 b5
16.Nf5 Nc7 17.Qf3 N7e6 18.Rad1 Qc7 19.h4 Rad8 20.Rxd8 Bxd8 21.Nd1 Nd7 22.h5 Bh7
23.Qg4 Bg5 24.Nd6 Ndc5 25.b4 Nd7 26.Ne3 Nxf4 27.gxf4 Nxe5 28.fxe5 Bxe3 29.Qg3 Bg5
30.Bh3 Qe7 31.a3 Bh4 32.Qf4 Bg5 33.Qh2 Be3 34.c3 Qh4 35.Bf5 Qxh2+ 36.Kxh2 g6
37.Bd7 g5 38.Bxc6 Bf4+ 39.Kh3 a6 40.Bd5 Bxe5 41.Rxf7 Rxf7 42.Nxf7 Bxc3 43.Nxg5+ Kg7
44.Ne6+ Kf6 45.Nf8 Kg7 46.Nd7 Bb2 47.Nc5 Kf6 48.Kg4 Bxa3 49.Nxa6 Ke5 50.Kf3 Kd4
51.Bc6 Ke5 52.Nc5 Kd6 53.Bxb5 Bxb4 54.Nd3 Bc3 55.Bc4 Bf6 56.Nf2 Bg5 57.Ng4 Ke7
58.Bd5 Kd6 59.Ke2 Ke7 60.Kd3 Kd6 61.Kc4 Ke7 62.Kc5 Bc1 63.Ne5 Be3+ 64.Kc4 Bf4
65.Nc6+ Kf6 66.Kd4 Kg5 67.Bf7 Kf6 68.Be8 Bg8 69.e5+ Ke6 70.Ke4 Bc1 71.Bg6 Kd7
72.Nd4 Ke7 73.Bf5 Ba2 74.Nc6+ Kf8 75.e6 Ba3 76.Ke5 Be7 77.Bc2 Bc4 78.Nd4 Ba6
79.Bg6 Bc4 80.Bc2 Ba6 81.Bd1 Bc4 82.Be2 Ba2 83.Nf5 Bg5 84.Kd6 Bxe6 85.Kxe6 Kg8
86.Bc4 Kh7 87.Kf7 Bc1 88.Nh4 Bd2 89.Bd3+ Kh8 90.Kg6 Bg5 91.Nf5 Bf4 92.Bc4 Bc1
93.Nd6 Bf4 94.Nf7+ Kg8 95.Nxh6+ Kh8 96.Nf7+ Kg8 97.h6 Bxh6 98.Nxh6+ Kh8 99.Nf7+ Kg8
100.Bb3 Kf8 101.Kf6 Kg8 102.Bc2 Kf8 103.Bh7 Ke8 104.Ne5 Kf8 105.Nd7+ Ke8
106.Ke6 Kd8 107.Kd6 Ke8 108.Bg6+ Kd8 109.Nc5 Kc8 110.Bh5 Kd8 111.Nb7+ Kc8
112.Bf3 Kb8 113.Kd7 Ka7 114.Kc7 Ka6 115.Be2+ Ka7 116.Nd6 Ka8 117.Bd3 Ka7  1-0

[Event "66th ch-RUS HL"]
[Site "Yekaterinburg RUS"]
[Date "2013.06.26"]
[Round "6.5"]
[White "Tomashevsky,E"]
[Black "Motylev,A"]
[Result "1/2-1/2"]
[WhiteElo "2709"]
[BlackElo "2655"]

1.Nf3 d5 2.g3 Bg4 3.Bg2 Nd7 4.d3 Ngf6 5.h3 Bxf3 6.Bxf3 c6 7.e4 dxe4 8.dxe4 e5
9.Qe2 Bc5 10.Nd2 a5 11.a4 O-O 12.O-O Qc7 13.Kg2 Rfe8 14.h4 Bf8 15.Nb3 Nc5
16.Nxc5 Bxc5 17.Bg5 Re6 18.Rad1 h6 19.Bc1 Rd8 20.c3 Rxd1 21.Rxd1 Qb6 22.h5 Rd6
23.Rxd6 Bxd6 24.Qc2 Bc5 25.Bd1 Qd8 26.Bf3 Qb6 27.Bd1 Qd8 28.Bf3  1/2-1/2

[Event "Mukachevo Summer"]
[Site "Mukachevo UKR"]
[Date "2013.06.27"]
[Round "4.3"]
[White "Bernadskiy,V"]
[Black "Polishchuk,O"]
[Result "1-0"]
[WhiteElo "2475"]
[BlackElo "2269"]

1.Nf3 d5 2.g3 c6 3.Bg2 Bg4 4.O-O e6 5.b3 Nd7 6.Bb2 Ngf6 7.d3 Bc5 8.c4 O-O
9.Qc2 Bh5 10.e4 dxe4 11.dxe4 Bxf3 12.Bxf3 e5 13.Nc3 Bd4 14.Rad1 Qe7 15.Bc1 Rfe8
16.Ne2 Bb6 17.Bb2 a5 18.Bc3 Bc5 19.a4 Nf8 20.Bg2 Qc7 21.h4 Ng4 22.Bh3 h5
23.Nc1 Ne6 24.Bxg4 hxg4 25.Qe2 Bd4 26.Bd2 Nc5 27.Qxg4 Re6 28.Bg5 Qb6 29.Ne2 Qxb3
30.Nxd4 exd4 31.e5 Qc2 32.Rxd4 Rae8 33.f4 f5 34.Qd1 Qxa4 35.Qxa4 Nxa4 36.Kg2 Nc5
37.Bd8 a4 38.Rf3 Rg6 39.Bb6 Ne4 40.c5 Ra8 41.Ra3 Kf7 42.h5 Rg4 43.Rxe4 fxe4
44.Kh3 Rxf4 45.gxf4 Ke6 46.Kg4 Kd5 47.f5 Kxe5 48.Bc7+ Kd4 49.Kf4 Kxc5 50.Be5 b5
51.Bxg7 b4 52.Rh3 e3 53.Rxe3 b3 54.h6 Kb4 55.h7 a3 56.h8=Q Rxh8 57.Bxh8 b2
58.Re8 c5 59.Rb8+ Ka4 60.Bxb2 axb2 61.f6 c4 62.f7  1-0

[Event "Visma IMA 2013"]
[Site "Vaxjo SWE"]
[Date "2013.06.27"]
[Round "3.5"]
[White "Johansson,Linus"]
[Black "Pettersson,Anders1"]
[Result "1/2-1/2"]
[WhiteElo "2347"]
[BlackElo "2279"]

1.Nf3 d5 2.g3 Nf6 3.Bg2 Nbd7 4.d4 e6 5.O-O Be7 6.c4 O-O 7.Nbd2 b6 8.a3 Bb7
9.b4 c5 10.b5 Ne4 11.Bb2 Bf6 12.cxd5 exd5 13.a4 Re8 14.e3 Rc8 15.Rc1 Ra8
16.Rc2 a6 17.dxc5 Ndxc5 18.Bxf6 Qxf6 19.Nd4 Nxa4 20.Nxe4 dxe4 21.bxa6 Bxa6
22.Rc6 Qe5 23.Re1 Bb7 24.Rc2 Nc5 25.Qb1 Nd3 26.Rd1 Qf6 27.Rcd2 Rab8 28.Bf1 Ne5
29.Rb2 Ba8 30.Bg2 Nd3 31.Rxd3 exd3 32.Bxa8 Rxa8 33.Qxd3 h6 34.Kg2 Rab8 35.Rb5 Qg6
36.Qxg6 fxg6 37.Nc6 Rb7 38.Na5 Ra7 39.Nc4 Ra2 40.Rxb6 Rc2 41.Na3 Re2 42.Kf1 Ra2
43.Nc4 Rc8 44.Ne5 g5 45.g4 Rcc2 46.Rb8+ Kh7 47.Rf8 Ra5 48.Nf3 Ra6 49.Nd4 Rc7
50.Kg2 Rf6 51.Rb8 Ra7 52.Rb2 Raf7  1/2-1/2

[Event "66th ch-RUS HL"]
[Site "Yekaterinburg RUS"]
[Date "2013.06.27"]
[Round "7.11"]
[White "Demchenko,A"]
[Black "Eliseev,U"]
[Result "1/2-1/2"]
[WhiteElo "2639"]
[BlackElo "2557"]

1.Nf3 d5 2.g3 Nf6 3.Bg2 c6 4.d3 Bf5 5.O-O e6 6.Nbd2 h6 7.b3 Be7 8.Bb2 O-O
9.Ne5 Bh7 10.e4 Nbd7 11.Nxd7 Nxd7 12.Qe2 dxe4 13.dxe4 Bf6 14.Bxf6 Qxf6 15.Qe3 Rfd8
16.Rad1 Nb6 17.c3 Rd7 18.Nf3 Rad8 19.Rxd7 Rxd7 20.a4 Nc8 21.a5 Qd8 22.Ne5 Rd6
23.Bh3 Qc7 24.Ra1 Rd8 25.Qf4 Nd6 26.Rd1 Bxe4 27.Rxd6 Rxd6 28.Qxe4 Qxa5 29.Qe1 Qa2
30.b4 h5 31.Bf1 Qc2 32.Qe3 Rd1 33.Kg2 Qd2 34.Qxa7 Qd5+ 35.Nf3 Rxf1 36.Qb8+ Kh7
37.Kxf1 Qxf3 38.Qxb7 Kg6 39.h4 Qxc3 40.Qe7 Qf3 41.Kg1 Qd1+ 42.Kg2 Qd5+ 43.Kg1 Qf3
44.Qg5+ Kh7 45.Qe7 Qd1+ 46.Kg2 Qd5+ 47.Kg1 Kg6 48.Kh2 Qf5 49.Kg1 e5 50.Qc5 Qe4
51.Qe7 Qb1+ 52.Kg2 Qf5 53.Qd6+ Qf6 54.Qd3+ Kh6 55.b5 cxb5 56.Qxb5 e4 57.Qc5 Kg6
58.Kg1 Qf5 59.Qd6+ Qe6 60.Qd4 f6 61.Qa7 Qe5 62.Kg2 Qd5 63.Kg1 Qd1+ 64.Kg2 Qf3+
65.Kh2 Kf5 66.Qd7+ Kg6 67.Qa7 Kh7 68.Qc5 Qg4 69.Qa7 f5 70.Qe3 Qg6 71.Kg2 Qf6
72.Qc5 Kg6 73.Qd5 Qb6 74.Qd7 Kf6 75.Qe8 g6 76.Qd7 Ke5 77.Qd2 Qb3 78.Qf4+ Kd4
79.Qd2+ Kc4 80.Qd6 Qb7 81.Kg1 Qb1+ 82.Kg2 Qb7 83.Kg1 Qf7 84.Qc6+ Kd3 85.Kg2 Kd2
86.Qd6+ Kc2 87.Qc6+ Kb2 88.Qb6+  1/2-1/2

[Event "DC International"]
[Site "Arlington USA"]
[Date "2013.06.28"]
[Round "3.1"]
[White "Cheng,Bi"]
[Black "Kaidanov,G"]
[Result "1-0"]
[WhiteElo "2406"]
[BlackElo "2577"]

1.Nf3 d5 2.g3 g6 3.Bg2 Bg7 4.O-O e5 5.c4 dxc4 6.Qa4+ Nc6 7.Qxc4 Nge7 8.Nc3 O-O
9.d3 h6 10.Qh4 g5 11.Bxg5 Qd7 12.Bd2 a6 13.Rac1 Qe6 14.b3 Qg6 15.Qc4 Be6
16.Nh4 Qh7 17.Be4 Qh8 18.Nd5 Bf6 19.Nxf6+ Qxf6 20.Qc5 Qg7 21.Bc3 Rad8 22.f4 f6
23.fxe5 fxe5 24.Rxf8+ Rxf8 25.Nf3 b6 26.Qe3 Nf5 27.Bxf5 Rxf5 28.Bd2 Bd5 29.Qxh6 Qxh6
30.Bxh6 Bxf3 31.exf3 Nd4 32.Rxc7 Nxf3+ 33.Kf2 Nxh2+ 34.Kg2 Nf3 35.g4 Ne1+
36.Kg3 Rf3+ 37.Kh4 Nxd3 38.g5 Nf4 39.Kg4 Rf2 40.g6 Nxg6 41.Rg7+ Kf8 42.Rxg6+ Ke7
43.Rxb6 Rxa2 44.Bg7 a5 45.Bxe5 a4 46.b4 a3 47.Kf3 Rb2 48.Ke3 Rb3+ 49.Kd4 a2
50.Kc4 Ra3 51.Ba1 Kd7 52.Rh6 Kc7 53.Rh1 Kc6 54.Bb2 Rg3 55.Ra1 Rg4+ 56.Kb3 Kb5
57.Bc3  1-0

[Event "Visma IMB 2013"]
[Site "Vaxjo SWE"]
[Date "2013.06.28"]
[Round "4.5"]
[White "Vijayalakshmi,S"]
[Black "Lindgren,P"]
[Result "1-0"]
[WhiteElo "2378"]
[BlackElo "2276"]

1.Nf3 d5 2.g3 Nf6 3.Bg2 c6 4.O-O Bg4 5.d4 Nbd7 6.Nbd2 e6 7.c4 Be7 8.a3 O-O
9.b3 Qc7 10.Bb2 Rad8 11.Re1 Rfe8 12.Rc1 Qb8 13.b4 Bd6 14.Qb3 e5 15.cxd5 cxd5
16.dxe5 Nxe5 17.Nd4 a6 18.Nf1 Be6 19.Nxe6 fxe6 20.e4 dxe4 21.Bxe4 Nxe4 22.Rxe4 b5
23.Bxe5 Bxe5 24.Rce1 Bd4 25.Rxe6 Kh8 26.R1e4 Rf8 27.Ne3 Qc8 28.Qb1 Qc3 29.Rh4 g6
30.Re7 Bg7 31.Qxg6 Qe1+ 32.Kg2 Rxf2+ 33.Kh3 Rxh2+ 34.Kxh2 Rd2+ 35.Ng2  1-0

[Event "Visma IMA 2013"]
[Site "Vaxjo SWE"]
[Date "2013.06.28"]
[Round "5.4"]
[White "Johansson,Linus"]
[Black "Rydstrom,Tom"]
[Result "1-0"]
[WhiteElo "2347"]
[BlackElo "2160"]

1.Nf3 d5 2.g3 Nf6 3.Bg2 Bg4 4.c4 c6 5.Ne5 Bf5 6.cxd5 cxd5 7.Nc3 e6 8.g4 Bg6
9.h4 Bd6 10.d4 h6 11.Nxg6 fxg6 12.Qd3 Kf7 13.Qf3 Kg8 14.Bh3 Qe8 15.g5 hxg5
16.hxg5  1-0

[Event "66th ch-RUS HL"]
[Site "Yekaterinburg RUS"]
[Date "2013.06.28"]
[Round "8.7"]
[White "Vitiugov,N"]
[Black "Najer,E"]
[Result "1/2-1/2"]
[WhiteElo "2734"]
[BlackElo "2633"]

1.Nf3 d5 2.g3 Bg4 3.Bg2 Nd7 4.c4 dxc4 5.Na3 c6 6.Nxc4 Ngf6 7.d3 e6 8.O-O Be7
9.Qb3 Nc5 10.Qc2 Nd5 11.a3 O-O 12.b4 Nd7 13.d4 f5 14.Re1 Kh8 15.Bb2 f4 16.Qb3 a6
17.Nfd2 Qe8 18.e4 fxe3 19.Nxe3 Nxe3 20.Rxe3 Qf7 21.Rf1 Nb6 22.h3 Bf5 23.Nf3 Nd5
24.Ne5 Qe8 25.Re2 Bd6 26.Rfe1 Bc7 27.Bc1 a5 28.bxa5 Bxa5 29.Bd2 Bxd2 30.Rxd2 Qe7
31.Rb2 Ra7 32.a4 h6 33.a5 Qd6 34.Nc4 Qc7 35.Qa3 Raa8 36.Qc5 Rad8 37.Qa7 Rf7
38.Ne5 Re7 39.Rc1 Rc8 40.h4 Kg8 41.a6 bxa6 42.Qxa6 Ree8 43.Rxc6 Qd8 44.Rd6 Qc7
45.Rb7 Qc1+ 46.Kh2 Rc2 47.Rc6 Ne3 48.Rxc2 Qxc2 49.Rxg7+ Kxg7 50.Qb7+ Kh8
51.Nf7+ Kh7 52.Nd6+ Kh8 53.fxe3 Rf8 54.Qe7 Kg8 55.Ne8 Rf7 56.Qd8 Rf8 57.Qd7 Rf7
58.Qd8 Rf8 59.d5 Qb2 60.Qd7 Bg4 61.Nd6 Rf2 62.Qe8+ Kh7 63.Qe7+ Qg7 64.Qxg7+ Kxg7
65.Kg1 Re2 66.e4 exd5 67.exd5 Re1+ 68.Kf2 Re2+ 69.Kg1 Kf6 70.Ne4+ Ke5 71.Nf2 Bf5
72.Bf3 Rd2 73.Ng4+ Bxg4 74.Bxg4 Ke4 75.d6 Rxd6 76.Kf2 Rd2+ 77.Be2 Rb2 78.g4 Kf4
79.g5 hxg5 80.hxg5 Kxg5  1/2-1/2

[Event "DC International"]
[Site "Arlington USA"]
[Date "2013.06.29"]
[Round "5.26"]
[White "Nieto,M"]
[Black "Finney,S"]
[Result "1/2-1/2"]
[WhiteElo "1996"]
[BlackElo "2143"]

1.Nf3 d5 2.g3 Nf6 3.Bg2 e6 4.c4 dxc4 5.Qa4+ Nbd7 6.Qxc4 a6 7.O-O b5 8.Qc2 Bb7
9.d3 c5 10.b3 Be7 11.Bb2 O-O 12.Nbd2 Rc8 13.Rac1 Qb6 14.Ne5 Bxg2 15.Kxg2 Nxe5
16.Bxe5 Nd7 17.Bb2 e5 18.Nf3 Qb7 19.Kg1 f6 20.Rfd1 Rfd8 21.Qb1 Nf8 22.Rc2 Ne6
23.Rdc1 Kf7 24.Ba3 a5 25.Bb2 Qd5 26.Bc3 b4 27.Bd2 f5 28.Rc4 Bf6 29.Qc2 g5
30.Be3 g4 31.Ne1 Be7 32.f3 h5 33.Kf2 h4 34.fxg4 hxg3+ 35.hxg3 Rh8 36.Nf3 f4
37.gxf4 Bh4+ 38.Nxh4 Rxh4 39.Rg1 exf4 40.Bxf4 Nd4 41.Qd2 Rch8 42.Rcc1 Kg6
43.Rcf1 Rh2+ 44.Bxh2 Rxh2+ 45.Ke1 Rxe2+ 46.Qxe2 Nxe2 47.Kxe2 Qe5+ 48.Kf3 Qd5+
49.Ke2 Qe5+  1/2-1/2

[Event "DC International"]
[Site "Arlington USA"]
[Date "2013.06.29"]
[Round "5.6"]
[White "Adithya,B"]
[Black "Sarkar,J"]
[Result "1/2-1/2"]
[WhiteElo "2301"]
[BlackElo "2451"]

1.g3 d5 2.Nf3 c6 3.Bg2 g6 4.O-O Bg7 5.d3 e5 6.Nbd2 Ne7 7.e4 O-O 8.c3 Qc7
9.a4 f5 10.Re1 h6 11.exf5 gxf5 12.Nh4 Nd7 13.d4 e4 14.Bh3 f4 15.Nxe4 dxe4
16.Rxe4 Nb6 17.Bxc8 Raxc8 18.Bxf4 Qd7 19.Qd2 Nf5 20.Ng6 Rfe8 21.Ne5 Bxe5
22.Bxe5 Rxe5 23.Rxe5 Nc4 24.Qe2 Nxe5 25.dxe5 Rd8 26.Qc4+ Qd5 27.Qg4+ Ng7
28.Qh4 Kh7 29.Re1 Rf8 30.e6 Re8 31.e7 Qf7 32.Re5 h5 33.Qb4 b6 34.h4 Qf3 35.Qd6 Nf5
36.Qf6 Nd4 37.Qg5 Qd1+ 38.Kg2 Qf3+ 39.Kg1 Qd1+ 40.Kg2 Qf3+  1/2-1/2

[Event "DC International"]
[Site "Arlington USA"]
[Date "2013.06.29"]
[Round "6.2"]
[White "Cheng,Bi"]
[Black "Panchanathan,M"]
[Result "1-0"]
[WhiteElo "2406"]
[BlackElo "2570"]

1.Nf3 d5 2.g3 Nf6 3.Bg2 c6 4.O-O Bg4 5.d3 Nbd7 6.c4 e6 7.cxd5 exd5 8.Nc3 Bd6
9.h3 Bxf3 10.Bxf3 O-O 11.e4 Nc5 12.e5 d4 13.exf6 dxc3 14.fxg7 Re8 15.bxc3 Qf6
16.d4 Ne4 17.Qd3 Qg6 18.Kg2 Re7 19.Bxe4 Rxe4 20.Bd2 Qe6 21.c4 b5 22.Rfe1 Re8
23.Rxe4 Qxe4+ 24.Qxe4 Rxe4 25.c5 Bc7 26.Re1 Rxe1 27.Bxe1 Kxg7 28.Bc3 Kg6
29.Kf3 f5 30.Bd2 Kf6 31.Bf4 Ba5 32.g4 Ke6 33.Ke2 Bd8 34.g5 a5 35.Kd3 a4 36.h4 Kd5
37.h5 b4 38.g6 hxg6 39.hxg6 Ke6 40.g7 Kf7 41.Be5 Ba5 42.Kc4 f4 43.f3  1-0

[Event "TCh-MNE Prem 2013"]
[Site "Cetinje MNE"]
[Date "2013.06.29"]
[Round "6.3"]
[White "Drasko,M"]
[Black "Krivokapic,M"]
[Result "1-0"]
[WhiteElo "2469"]
[BlackElo "2436"]

1.Nf3 d5 2.g3 Nf6 3.Bg2 c6 4.O-O Bg4 5.d3 Nbd7 6.Qe1 e5 7.e4 dxe4 8.dxe4 Bc5
9.Nbd2 O-O 10.h3 Bh5 11.a4 Re8 12.Nc4 Nb6 13.Na5 Qc7 14.Nh4 Nfd7 15.Nb3 Bf8
16.g4 Bg6 17.Qc3 Bd6 18.Rd1 Nf8 19.a5 Nbd7 20.Nf5 Be7 21.Be3 Ne6 22.Rd2 Bxf5
23.exf5 Nf4 24.Rad1 Nb8 25.Bxf4 exf4 26.Qc4 Bf6 27.c3 b5 28.Qc5 Be7 29.Qd4 a6
30.Re2 Ra7 31.Rde1 h6 32.h4 c5 33.Nxc5 Nc6 34.Qd7 Kf8 35.Qxc6  1-0

[Event "ch-NOR 2013"]
[Site "Lillehammer NOR"]
[Date "2013.06.29"]
[Round "1.3"]
[White "Johannessen,LE"]
[Black "Tari,A"]
[Result "1/2-1/2"]
[WhiteElo "2520"]
[BlackElo "2354"]

1.Nf3 d5 2.g3 Bg4 3.Bg2 c6 4.c4 e6 5.O-O Nd7 6.cxd5 exd5 7.d3 Ngf6 8.Qc2 Bd6
9.e4 O-O 10.Nc3 dxe4 11.dxe4 Qc7 12.Nd4 Bc5 13.Nb3 Bb6 14.Na4 Rfe8 15.Nxb6 axb6
16.f4 Be6 17.Nd4 Qd6 18.Rd1 Bg4 19.Rd2 Qc5  1/2-1/2

[Event "66th ch-RUS HL"]
[Site "Yekaterinburg RUS"]
[Date "2013.06.29"]
[Round "9.7"]
[White "Vitiugov,N"]
[Black "Prizant,Ja"]
[Result "1/2-1/2"]
[WhiteElo "2734"]
[BlackElo "2515"]

1.Nf3 d5 2.g3 g6 3.c4 dxc4 4.Na3 Bg7 5.Nxc4 b5 6.Ne3 Nd7 7.Bg2 Bb7 8.Qb3 Rb8
9.a4 b4 10.O-O e6 11.d3 Ne7 12.Nc4 O-O 13.Be3 c5 14.Bf4 Ra8 15.a5 Nf5 16.e4 Nd4
17.Nxd4 Bxd4 18.Bh6 Bg7 19.Be3 Qe7 20.a6 Bc6 21.Na5 Rac8 22.Nxc6 Rxc6 23.e5 Nxe5
24.Bxc6 Nxc6 25.Rfc1 Nd4 26.Qc4 Qd8 27.Bxd4 Bxd4 28.Rc2 Qb6 29.Qb3 Rb8 30.Qc4 h5
31.Re2 Kg7 32.Ra2 Qc6 33.Re4 Rb6 34.b3 Qd7 35.Ra5 Kg8 36.Kg2 Qc6 37.Kg1 Qd7
38.Kg2 Qc6 39.Kg1 Qd7 40.Kg2 Qc6  1/2-1/2

[Event "12th ROC Nova Open"]
[Site "Haarlem NED"]
[Date "2013.06.30"]
[Round "5.2"]
[White "Sundararajan,K"]
[Black "Haslinger,S"]
[Result "0-1"]
[WhiteElo "2428"]
[BlackElo "2553"]

1.Nf3 d5 2.g3 Bg4 3.Bg2 Nd7 4.c4 e6 5.cxd5 exd5 6.O-O Ngf6 7.Nc3 c6 8.h3 Bh5
9.d3 Bc5 10.Qb3 Bb6 11.Na4 Bxf3 12.Bxf3 O-O 13.Nxb6 axb6 14.Be3 Ra6 15.Bd4 Qe7
16.e4 dxe4 17.dxe4 Rfa8 18.Rfe1 Ra4 19.Rad1 Rb4 20.Qc2 Rxa2 21.e5 Ne8 22.Bc3 Rba4
23.Bg4 Nf8 24.e6 fxe6 25.Qb3 Nc7 26.Qxb6 Nd5 27.Qb3 Qf7 28.Bd4 Ra8 29.Bc5 h5
30.Bf3 R2a5 31.Bd4 Rb5 32.Qd3 Nb4 33.Qe2 Nc2 34.Qxc2 Qxf3 35.Re3 Qf5 36.Qxf5 Rxf5
37.Bc3 Rd5 38.Rde1 b5 39.Kg2 c5 40.h4 b4 41.Be5 c4 42.Re4 Rc8 43.g4 Nd7 44.gxh5 Rxe5
45.Rxe5 Nxe5 46.Rxe5 c3 47.bxc3 bxc3 48.Re1 c2 49.Rc1 Kh7 50.Kf3 Kh6 51.Ke2 Kxh5
52.Kd2 Kxh4 53.Rh1+ Kg4 54.Kc1 Kf3 55.Rg1 Rc7 56.Rg6 Kxf2 57.Rxe6 g5 58.Rg6 Rc5  0-1

[Event "4th AIMAG Men"]
[Site "Incheon KOR"]
[Date "2013.06.30"]
[Round "1.12"]
[White "Lee Sanghoon"]
[Black "Sengupta,D"]
[Result "0-1"]
[WhiteElo "2153"]
[BlackElo "2548"]

1.Nf3 d5 2.g3 Nf6 3.Bg2 g6 4.c4 Bg7 5.O-O O-O 6.cxd5 Nxd5 7.Nc3 Nb6 8.d3 Nc6
9.Be3 e5 10.Qd2 Re8 11.Rac1 Nd4 12.Bxd4 exd4 13.Ne4 Nd5 14.Rfe1 b6 15.Qg5 Bb7
16.Qxd8 Raxd8 17.a3 c5 18.h4 Re7 19.Kf1 f5 20.Ned2 Bf6 21.Nc4 h6 22.a4 Re6
23.a5 Nb4 24.axb6 axb6 25.Nfd2 Bxg2+ 26.Kxg2 Rde8 27.Kf1 Bd8 28.Na3 Bc7 29.Nc2 Nd5
30.Ra1 Bb8 31.Ra8 g5 32.hxg5 hxg5 33.Nf3 g4 34.Nd2 Kg7 35.e4 dxe3 36.Nxe3 Kf7
37.Nc2 Rxe1+ 38.Nxe1 Nc7 39.Ra4 Rd8 40.Nb3 Ne6 41.Ra6 Bc7 42.Ke2 f4 43.Ra4 fxg3
44.fxg3 Bxg3 45.Nc2 Nf4+  0-1

[Event "11th Niki Open 2013"]
[Site "Nachod CZE"]
[Date "2013.06.30"]
[Round "2.15"]
[White "Machan,J"]
[Black "Haderka,K"]
[Result "1-0"]
[WhiteElo "2169"]
[BlackElo "1945"]

1.Nf3 d5 2.g3 g6 3.Bg2 Bg7 4.d4 Nf6 5.O-O O-O 6.c4 e6 7.Nbd2 Ne4 8.Qc2 Nxd2
9.Bxd2 c6 10.e4 dxc4 11.Qxc4 Nd7 12.Bc3 Nf6 13.Rfe1 Bd7 14.Rad1 b5 15.Qe2 a5
16.Bd2 Qb6 17.Bf4 Rfd8 18.Bd6 Be8 19.Be7 Rd7 20.Bc5 Qb7 21.e5 Nd5 22.Ng5 h6
23.Ne4 Rdd8 24.h4 Qd7 25.h5 g5 26.Qg4 f5 27.exf6 Nxf6 28.Nxf6+ Bxf6 29.Qxe6+ Kg7
30.Bf8+ Kxf8 31.Qxf6+ Kg8 32.Re7  1-0

[Event "TCh-MNE Prem 2013"]
[Site "Cetinje MNE"]
[Date "2013.07.01"]
[Round "8.5"]
[White "Rabrenovic,M"]
[Black "Lekic,Du"]
[Result "0-1"]
[WhiteElo "2236"]
[BlackElo "2430"]

1.Nf3 d5 2.g3 Nc6 3.Bg2 e5 4.d3 Nf6 5.a3 a5 6.b3 Bd6 7.Bb2 O-O 8.O-O Re8
9.c4 d4 10.Nbd2 h6 11.Qc2 Bc5 12.Ne4 Nd7 13.Rad1 Ba7 14.g4 Nc5 15.Nxc5 Bxc5
16.h3 f5 17.gxf5 Bxf5 18.Nd2 Qh4 19.Ne4 Bxe4 20.dxe4 Ne7 21.Rd3 Ng6 22.Bc1 Ra6
23.Kh2 Rf8 24.Rg3 Qe7 25.Qa2 Raf6 26.f3 Nf4 27.Rg4 b6 28.a4 d3 29.exd3 Nxd3
30.Qe2 Nxc1 31.Rxc1 Rd6 32.Rd1 Rxd1 33.Qxd1 Be3 34.Qd5+ Kh7 35.Qc6 Rf6 36.Qa8 h5  0-1

[Event "4th AIMAG Men"]
[Site "Incheon KOR"]
[Date "2013.07.01"]
[Round "3.14"]
[White "Lee Sanghoon"]
[Black "Goh Weiming"]
[Result "0-1"]
[WhiteElo "2153"]
[BlackElo "2441"]

1.Nf3 d5 2.g3 Nc6 3.Bg2 e5 4.d3 f6 5.O-O Be6 6.b3 Qd7 7.c4 d4 8.Ba3 Bxa3
9.Nxa3 Bh3 10.Nc2 h5 11.e3 Bxg2 12.Kxg2 dxe3 13.fxe3 O-O-O 14.d4 e4 15.Nd2 f5
16.d5 Nf6 17.Qe2 h4 18.Rad1 hxg3 19.hxg3 f4 20.Rxf4 Qh3+ 21.Kf2 Ne5 22.Nf1 Rdf8
23.Ke1 g5 24.Rf2 Nfg4 25.Rxf8+ Rxf8 26.Nd4 Qh1  0-1

[Event "8th Vladimir Dvorkovich Cup"]
[Site "Moscow RUS"]
[Date "2013.07.01"]
[Round "6.15"]
[White "Shtembuliak,E"]
[Black "Gadimbayli,Abdulla"]
[Result "1/2-1/2"]
[WhiteElo "2251"]
[BlackElo "2030"]

1.Nf3 d5 2.g3 c6 3.Bg2 Bg4 4.O-O Nd7 5.d3 Ngf6 6.Nbd2 e5 7.e4 dxe4 8.dxe4 Be7
9.b3 Qc7 10.Bb2 O-O 11.h3 Bh5 12.Qe1 Rfe8 13.Nh4 Rad8 14.Nf5 Bb4 15.a3 Bf8
16.Kh1 Bg6 17.Nh4 Bh5 18.f4 exf4 19.gxf4 g6 20.e5 Bg7 21.Qf2 Nd5 22.c4 Ne7
23.Ne4 Qb6 24.Qg3 Nc5 25.Nf6+ Bxf6 26.exf6 Nc8 27.Qg5 Ne6 28.Qh6 Qc5 29.f5 Qf8
30.Qc1 Nc5 31.fxg6 hxg6 32.Qg5 Ne4 33.Bxe4 Rxe4 34.Nf5 Rd3 35.Ne7+ Kh7 36.Kg2 Re2+
37.Rf2 Rxf2+ 38.Kxf2 Nd6 39.Re1 Rxh3 40.Be5 Nf5 41.Kg2 Rf3 42.Qxh5+ gxh5
43.Kxf3 Nh4+ 44.Ke4 Qh6 45.Rg1 Qf8 46.Rg7+ Kh8 47.Kf4 Qd8 48.Ke4 Qd1 49.Rg8+ Kh7
50.Rg7+ Kh8  1/2-1/2

[Event "11th Niki Open 2013"]
[Site "Nachod CZE"]
[Date "2013.07.01"]
[Round "3.8"]
[White "Strebkovs,A"]
[Black "Ptacek,Tomas"]
[Result "1-0"]
[WhiteElo "2312"]
[BlackElo "2093"]

1.Nf3 d5 2.g3 Nf6 3.c4 c6 4.Bg2 e6 5.b3 Nbd7 6.Bb2 Bd6 7.O-O O-O 8.d3 Qe7
9.Nc3 Rd8 10.Qc2 a5 11.d4 e5 12.dxe5 Nxe5 13.cxd5 cxd5 14.Nd4 Be6 15.Rad1 Rac8
16.Nf5 Bxf5 17.Qxf5 Qe6 18.Qxe6 fxe6 19.Rc1 Nc6 20.Bh3 Kf7 21.Nb5 Bb8 22.Rc2 Ne4
23.Rfc1 Re8 24.Kf1 Rcd8 25.a3 e5 26.Bg2 Nf6 27.Rd1 Rc8 28.Bxd5+  1-0

[Event "Opatija Open A 2013"]
[Site "Opatija CRO"]
[Date "2013.07.01"]
[Round "3.4"]
[White "Muhsen,A"]
[Black "Krsnik Cohar,I"]
[Result "0-1"]
[WhiteElo "2203"]
[BlackElo "2064"]

1.Nf3 d5 2.g3 Bg4 3.Bg2 e6 4.O-O Nf6 5.d4 Nbd7 6.Nbd2 Bd6 7.Re1 Ne4 8.Nxe4 dxe4
9.Ng5 f5 10.Nxe6 Qf6 11.d5 Nc5 12.Nxc5 Bxc5 13.c4 O-O-O 14.Qb3 g5 15.Bd2 Rhe8
16.Bb4 Bxb4 17.Qxb4 f4 18.Rad1 h5 19.c5 h4 20.Bxe4 fxg3 21.fxg3 hxg3 22.hxg3 Qe5
23.Qa3 Qxe4 24.Qxa7 Qe3+ 25.Kg2 Bh3+ 26.Kh2 Qf2+ 27.Kxh3 g4+  0-1

[Event "47th Ilmar Raud Mem"]
[Site "Viljandi EST"]
[Date "2013.07.01"]
[Round "1.10"]
[White "Sepp,O"]
[Black "Narva,M"]
[Result "0-1"]
[WhiteElo "2442"]
[BlackElo "1854"]

1.Nf3 d5 2.g3 Nf6 3.Bg2 c5 4.O-O e6 5.d3 Be7 6.Nbd2 O-O 7.e4 Nc6 8.Re1 Qc7
9.c3 Rd8 10.e5 Nd7 11.Qe2 f6 12.exf6 Nxf6 13.Bh3 e5 14.Bxc8 Raxc8 15.Nxe5 Nxe5
16.Qxe5 Bd6 17.Qf5 Re8 18.Nf3 Rxe1+ 19.Nxe1 Re8 20.Bg5 Re5 21.Qh3 Rxg5 22.Qe6+ Kf8
23.Nf3 Rg4 24.h3 Ra4 25.Kg2 Qd7 26.Qe2 Ra6 27.a3 Rc6 28.d4 Rc8 29.dxc5 Bxc5
30.Rd1 Re8 31.Qd3 Qc6 32.Rd2 Bb6 33.Qf5 Qe6 34.Qf4 Kg8 35.Qb4 Ne4 36.Re2 h6
37.Nd4 Qf7 38.f3 Rf8 39.Re3 Nd2 40.Re7 Qf6 41.Re6 Qg5 42.Re2 Bxd4 43.Qxd4 Nxf3
44.Qxa7 Qf5 45.Qf2 Ng5 46.Qxf5 Rxf5 47.Re8+ Kh7 48.Rb8 Rf7 49.Rd8 Ne4 50.Kg1 Rf2
51.b4 Rf3 52.Rxd5 Rxg3+ 53.Kh2 Rxc3 54.a4 Rc4 55.Rb5 Nd6 56.Rd5 Ne4 57.Rb5 Nc3
58.Rxb7 Nxa4 59.Kg3 Nc3 60.h4 Nd5 61.b5 Rb4 62.Rb8 Nc3 63.b6 Na4 64.b7 Nc5  0-1

[Event "20th Abu Dhabi Masters 2013"]
[Site "Abu Dhabi UAE"]
[Date "2013.07.02"]
[Round "3.4"]
[White "Efimenko,Z"]
[Black "Ankit,R"]
[Result "1/2-1/2"]
[WhiteElo "2651"]
[BlackElo "2428"]

1.Nf3 d5 2.g3 Nf6 3.Bg2 c6 4.d3 Bg4 5.O-O Nbd7 6.Nbd2 e5 7.e4 dxe4 8.dxe4 Bc5
9.h3 Bh5 10.Qe1 O-O 11.Nb3 Be7 12.Nh4 Re8 13.Be3 Qc7 14.a4 a5 15.Kh1 Bb4
16.c3 Bf8 17.f3 b5 18.Qf2 Reb8 19.Nd2 bxa4 20.Nc4 Rb5 21.g4 Bg6 22.Nxg6 hxg6
23.f4 Re8 24.f5 Nc5 25.Qc2 Nfd7 26.g5 Be7 27.h4 gxf5 28.exf5 e4 29.Bf4 Qc8
30.f6 gxf6 31.Bh3 fxg5 32.Bxg5 Bxg5 33.Rg1 Qc7 34.Rxg5+ Kf8 35.Na3 Qf4 36.Nxb5 Qxh4
37.Qg2 cxb5 38.Rg4 Qh6 39.Qg3 Re5 40.Rh4 Rh5  1/2-1/2

[Event "Karvina Open 2013"]
[Site "Karvina CZE"]
[Date "2013.07.02"]
[Round "4.18"]
[White "Bausano,Michael"]
[Black "Fargac,M"]
[Result "0-1"]
[WhiteElo "1774"]
[BlackElo "2148"]

1.Nf3 d5 2.g3 Nf6 3.Bg2 c6 4.d3 Nbd7 5.Nbd2 e5 6.e4 Bd6 7.O-O O-O 8.h3 Qe7
9.Re1 dxe4 10.Nxe4 Nxe4 11.dxe4 Rd8 12.Qe2 Nc5 13.b3 Be6 14.Bb2 f6 15.Rad1 a5
16.Nd2 b5 17.a3 Rd7 18.f4 Rad8 19.Nf3 exf4 20.e5 Bxe5 21.Nxe5 fxe5 22.Bxe5 fxg3
23.Bxc6 Rxd1 24.Rxd1 Rxd1+ 25.Qxd1 Nxb3 26.cxb3 Qc5+ 27.Qd4 Qxc6 28.Qd8+ Kf7
29.Qc7+ Qxc7 30.Bxc7 Bxh3 31.Bxg3 Be6 32.Be1 Bxb3 33.Bxa5 g5 34.Bd8 Kg6 35.Kg2 Kf5
36.Kf3 h5 37.Kg3 h4+ 38.Kh3 Kg6 39.Kg2 Kh5 40.Kh2 Bd5 41.Be7 g4 42.Bd6 g3+
43.Bxg3 hxg3+ 44.Kxg3 Kg5 45.Kf2 Kf4 46.Ke2 Bb3  0-1

[Event "Klatov Open A 2013"]
[Site "Klatovy CZE"]
[Date "2013.07.02"]
[Round "4.14"]
[White "Eretova,J"]
[Black "Janska,Jitka"]
[Result "1-0"]
[WhiteElo "2101"]
[BlackElo "1889"]

1.Nf3 d5 2.g3 Nf6 3.Bg2 e6 4.O-O c5 5.d3 Nc6 6.Nbd2 Be7 7.Re1 Qc7 8.e4 b6
9.b3 Bb7 10.Bb2 dxe4 11.dxe4 Rd8 12.e5 Nd7 13.Qe2 O-O 14.h4 Nb4 15.Ne4 c4
16.Nfg5 h6 17.Nh3 Ba6 18.Qh5 Nd5 19.Bc1 Qxe5 20.Bg5 Bxg5 21.hxg5 Qf5 22.Qh4 Qh7
23.Rad1 Nb8 24.Nf4 hxg5 25.Qxh7+ Kxh7 26.Nxg5+ Kg8 27.Nfxe6 fxe6 28.Nxe6 Bb7
29.Nxf8  1-0